Diseño de experimentos soluciones con SAS y SPSS
Saved in:
| Main Authors: | , , , |
|---|---|
| Format: | Bog |
| Sprog: | spansk |
| Udgivet: |
Madrid
Pearson Educación
2005
|
| Fag: | |
| Tags: |
Tilføj Tag
Ingen Tags, Vær først til at tagge denne postø!
|
MARC
| LEADER | 00000nam a2200000 a 4500 | ||
|---|---|---|---|
| 001 | UCK6469 | ||
| 003 | CL-VaPUC | ||
| 008 | 050930e20050000SP |||||||||||||||||spa|d | ||
| 020 | |a 8420544094 | ||
| 082 | 0 | 4 | |a 005.369 |b VIC |2 21 |
| 100 | 0 | |a Vicente, M. Lina |e author |9 495788 | |
| 700 | 0 | |a Girón, Pedro |e author |9 495789 | |
| 700 | 0 | |a Nieto, Carmen |e author |9 495790 | |
| 700 | 0 | |a Pérez, Teresa |e author |9 495791 | |
| 245 | 1 | 0 | |a Diseño de experimentos soluciones con SAS y SPSS |
| 300 | |a 383 p | ||
| 942 | |c BK | ||
| 945 | |d 20050930 00:00:00 |a jcarroza | ||
| 260 | |a Madrid |b Pearson Educación |c 2005 | ||
| 500 | |a Incluye Cd-Rom | ||
| 650 | 0 | |a Diseño de experimentos |9 260691 | |
| 650 | 7 | |a SPSS |2 CL-VaPUC |9 362442 | |
| 650 | 0 | |a Estadística matemática |9 260028 | |
| 650 | 0 | |a Métodos estadísticos |9 259407 | |
| 650 | 0 | |a Software |9 387312 | |
| 583 | |a last modification |c 20050930 00:00:00 |k Rodrigo Vera | ||
| 999 | |c 314753 |d 314751 | ||
| 952 | |0 0 |1 0 |4 0 |6 005_369000000000000_VIC_2005 |7 0 |8 A |9 387470 |a BIBGIM |b BIBGIM |d 2019-11-22 |i 4169832 |o 005.369 VIC 2005 |p 4169832 |r 2025-01-15 |w 2019-11-22 |y BK |k EST | ||